000
00306nam a2200121Ia 4500
008
191206s9999 xx 000 0 und d
090
_a
PR83.D29
245
0
_a
critical history of English literature
250
_a
2d ed.
260
_a
Ronald Press Co.
260
_c
c[1970]
300
_a
2 v. (1178 p.) 24 cm.
999
_c
15754
_d
15754